| 000 | 02472nam a22003017a 4500 | ||
|---|---|---|---|
| 999 |
_c59965 _d59965 |
||
| 003 | Ge_BSU | ||
| 005 | 20230525103422.0 | ||
| 008 | 230525s2014 ge ||||| |||| 00| 0 geo d | ||
| 020 | _a9789941108730 | ||
| 041 | _ageo | ||
| 080 | _a737.1(479.22)(084.824) დ-91 | ||
| 100 |
_aდუნდუა, თედო _93483 |
||
| 245 |
_aქართული ნუმიზმატიკის კატალოგი : _bნაწ. 2, ქრისტიანობა, მითრაიზმი და ისლამი. სამონეტო საქმე და სამონეტო მიმოქცევა ქართლსა და ეგრისში I-X საუკუნეებში / _cთედო დუნდუა, გიორგი დუნდუა ; შემდგ.: ალექსანდრე ბოშიშვილი [და სხვ.] ; ივ. ჯავახიშვილის სახ. თსუ, ჰუმანიტ. მეცნ. ფაკ-ტი, საქ. ისტ. ინსტიტუტი. |
||
| 264 |
_aთბილისი : _bმერიდიანი, _c2014. |
||
| 300 |
_a304 გვ. : _bილ.; _c31 სმ. |
||
| 500 | _aავტ. მითითებული არიან თავფურ. მე-2 გვ. | ||
| 501 | _aთავფურ., ტექსტი, ყდა ქართ. და ინგლ. | ||
| 504 | _aბიბლიოგრფია თავების ბოლოს. | ||
| 653 | _aსაქართველოს ნუმიზმატიკა | ||
| 653 | _aკატალოგები | ||
| 700 |
_aდუნდუა, გ. (გიორგი) _eავტორი _918201 |
||
| 700 |
_aბოშიშვილი, ა. (ალექსანდრე) _eშემდგენელი _918202 |
||
| 700 |
_aთაბუაშვილი, ა. (აპოლონ) _eშემდგენელი. _918203 |
||
| 700 |
_aთავაძე, ლ. (ლერი) _eშემდგენელი _918204 |
||
| 700 |
_aჩიქობავა, ა. (აკაკი) _eშემდგენელი _918205 |
||
| 710 |
_aთბილისის სახელმწიფო უნივერსიტეტი. _bჰუმანიტარულ მეცნიერებათა ფაკულტეტი. საქართველოს ისტორიის ინსტიტუტი. _918206 |
||
| 942 |
_2udc _cBK |
||